Abastecimiento de aguas para la ciudad de Alicante (Registro nro. 184010)
[ vista simple ]
| 000 -LEADER | |
|---|---|
| campo de control de longitud fija | 00827nam a2200169 i 4500 |
| 001 - NÚMERO DE CONTROL | |
| campo de control | 184010 |
| 003 - IDENTIFICADOR DE NÚMERO DE CONTROL | |
| campo de control | ES-MaACL |
| 005 - FECHA Y HORA DE LA ÚLTIMA TRANSACCIÓN | |
| campo de control | 20250719062548.0 |
| 008 - DATOS DE LONGITUD FIJA--INFORMACIÓN GENERAL | |
| campo de control de longitud fija | 150217s1894 sp |||| | spa d |
| 100 1# - ENTRADA PRINCIPAL--NOMBRE DE PERSONA | |
| Nombre de persona | Lastres y Juiz, Francisco, |
| Fechas asociadas al nombre | 1848-1918 |
| 9 (RLIN) | 70504 |
| 245 10 - MENCIÓN DEL TÍTULO | |
| Título | Abastecimiento de aguas para la ciudad de Alicante |
| Resto del título | : contestación a la demanda del Señor Marqués de Benalúa que presenta al Tribunal de lo Contencioso-Administrativo don Enrique Caucurte y Julliat / |
| Mención de responsabilidad, etc. | redactada por Francisco Lastres y Juiz. |
| 260 ## - PUBLICACIÓN, DISTRIBUCIÓN, ETC. | |
| Lugar de publicación, distribución, etc. | Madrid : |
| Nombre del editor, distribuidor, etc. | [s.n.], |
| Fecha de publicación, distribución, etc. | 1894 ( |
| Fabricante | Tip. de los Hijos de M.G. Hernández) |
| 300 ## - DESCRIPCIÓN FÍSICA | |
| Extensión | 16 p. ; |
| Dimensiones | 23 cm. |
| 650 #4 - PUNTO DE ACCESO ADICIONAL DE MATERIA--TÉRMINO DE MATERIA | |
| Término de materia o nombre geográfico como elemento de entrada | Agua- |
| Subdivisión general | Abastecimiento- |
| Subdivisión geográfica | Alicante. |
| 9 (RLIN) | 156367 |
| 852 ## - LOCALIZACIÓN | |
| Ubicación | ES-MaACL |
| Número de control de estantería | T-802-F-7 |
| Nota libre | - Enc. hol., conservando la enc. original |
| -- | - Enc. en un vol. facticio |
| Estatus retirado | Estado de pérdida | Estado de daño | No para préstamo | Colección | Biblioteca de origen | Biblioteca actual | Ubicación en estantería | Fecha de adquisición | Fuente de adquisición | Total de préstamos | Signatura topográfica completa | Código de barras | Visto por última vez | Precio de reemplazo | Tipo de ítem Koha |
|---|---|---|---|---|---|---|---|---|---|---|---|---|---|---|---|
| Colección de folletos | Biblioteca del Ateneo de Madrid | Biblioteca del Ateneo de Madrid | Depósito folletos | 17/02/2015 | T-802-F-7 | 1193495 | 23/02/2023 | 23/02/2023 | Folleto |
